LEADER 03662 am 2200733 n 450 001 9910495919403321 005 20201002 010 $a979-1-03-510476-4 024 7 $a10.4000/books.psorbonne.58904 035 $a(CKB)5590000000434313 035 $a(FrMaCLE)OB-psorbonne-58904 035 $a(oapen)https://directory.doabooks.org/handle/20.500.12854/85813 035 $a(PPN)267970684 035 $a(EXLCZ)995590000000434313 100 $a20210203j|||||||| ||| 0 101 0 $afre 135 $auu||||||m|||| 181 $ctxt$2rdacontent 182 $cc$2rdamedia 183 $acr$2rdacarrier 200 13$aLe temps des banquets $ePolitique et symbolique d?une génération (1818-1848) /$fVincent Robert 210 $aParis $cÉditions de la Sorbonne$d2020 215 $a1 online resource (432 p.) 225 1 $aHistoire de la France aux XIXe et XXe siècles 311 $a2-85944-625-7 330 $aOn s?est beaucoup moqué des banquets politiques, de « cette éloquence d?automne semée autour de tables bourgeoises et arrosée de vins du cru » (Lamennais). Comment prendre au sérieux en effet ces agapes, à nos yeux si prosaïques en pleine exaltation romantique, mais aussi ridiculement effusives dans une époque qui vouait un culte à la rationalité politique ? Et pourtant, aujourd?hui encore, chacun sait que la cause immédiate de la révolution de Février 1848 fut l?interdiction par Guizot d?un banquet réformiste, celui du XIIe arrondissement de la capitale. Bon nombre de contemporains en restèrent perplexes : comme nous, ils n?arrivaient pas à comprendre comment une décision apparemment anodine avait pu avoir de telles conséquences. Aussi fallait-il reconstituer une histoire qui n?a jamais été écrite, celle d?une forme disparue du répertoire politique. Le banquet n?est si étrange à nos yeux que parce que nous avons indûment valorisé Gavroche et Tocqueville, la barri­cade et le parlement. Décrire les banquets, pour d?abord mieux comprendre la sociabilité du premier xixe siècle, et reconstituer la culture politique de toute une génération, qui savait jouer des symboles et de l?implicite, et qui, après la Révolution et le despotisme napoléonien, cherchait sa voie dans une période décisive pour l?apprentissage de la liberté et de la démocratie. Puis faire toute sa place à un imaginaire dont nous avons oublié la richesse et les multiples enjeux. C?est, en définitive, s?interroger sur la nature même du lien politique, au-delà des discours et des institutions. 606 $aHistory 606 $apolitique 606 $aRestauration 606 $a1848 606 $agouvernement 606 $aaspect politique 606 $aaspect symbolique 606 $abanquet 606 $amoeur 606 $acoutume 606 $aRévolution de février 1848 610 $apolitique 610 $aRestauration 610 $a1848 610 $agouvernement 610 $aaspect politique 610 $aaspect symbolique 610 $abanquet 610 $amoeur 610 $acoutume 610 $aRévolution de février 1848 615 4$aHistory 615 4$apolitique 615 4$aRestauration 615 4$a1848 615 4$agouvernement 615 4$aaspect politique 615 4$aaspect symbolique 615 4$abanquet 615 4$amoeur 615 4$acoutume 615 4$aRévolution de février 1848 700 $aRobert$b Vincent$01285180 801 0$bFR-FrMaCLE 906 $aBOOK 912 $a9910495919403321 996 $aLe temps des banquets$93020739 997 $aUNINA LEADER 03312nam 2200649Ia 450 001 9910437900603321 005 20200520144314.0 010 $a9781283910484 010 $a1283910489 010 $a9781461446392 010 $a1461446392 024 7 $a10.1007/978-1-4614-4639-2 035 $a(CKB)2670000000278084 035 $a(EBL)1081849 035 $a(OCoLC)819508515 035 $a(SSID)ssj0000799043 035 $a(PQKBManifestationID)11437005 035 $a(PQKBTitleCode)TC0000799043 035 $a(PQKBWorkID)10755669 035 $a(PQKB)11271909 035 $a(DE-He213)978-1-4614-4639-2 035 $a(MiAaPQ)EBC1081849 035 $a(PPN)168300818 035 $a(EXLCZ)992670000000278084 100 $a20120918d2012 uy 0 101 0 $aeng 135 $aur|n|---||||| 181 $ctxt 182 $cc 183 $acr 200 00$aPrivacy-preserving machine learning for speech processing /$fManas A. Pathak 205 $a1st ed. 2013. 210 $aNew York $cSpringer$d2012 215 $a1 online resource (144 p.) 225 0 $aSpringer theses 300 $a"Doctoral thesis accepted by Carnegie Mellon University, USA". 311 08$a9781489991201 311 08$a1489991204 311 08$a9781461446385 311 08$a1461446384 327 $aThesis Overview -- Speech Processing Background -- Privacy Background -- Overview of Speaker Verification with Privacy -- Privacy-Preserving Speaker Verification Using Gaussian Mixture Models -- Privacy-Preserving Speaker Verification as String Comparison -- Overview of Speaker Identification with Privacy -- Privacy-Preserving Speaker Identification Using Gausian Mixture Models -- Privacy-Preserving Speaker Identification as String Comparison -- Overview of Speech Recognition with Privacy -- Privacy-Preserving Isolated-Word Recognition -- Thesis Conclusion -- Future Work -- Differentially Private Gaussian Mixture Models. 330 $aThis thesis discusses the privacy issues in speech-based applications, including biometric authentication, surveillance, and external speech processing services. Manas A. Pathak presents solutions for privacy-preserving speech processing applications such as speaker verification, speaker identification, and speech recognition. The thesis introduces tools from cryptography and machine learning and current techniques for improving the efficiency and scalability of the presented solutions, as well as experiments with prototype implementations of the solutions for execution time and accuracy on standardized speech datasets. Using the framework proposed  may make it possible for a surveillance agency to listen for a known terrorist, without being able to hear conversation from non-targeted, innocent civilians. 410 0$aSpringer Theses, Recognizing Outstanding Ph.D. Research,$x2190-5053 606 $aSpeech processing systems 606 $aMachine learning 615 0$aSpeech processing systems. 615 0$aMachine learning. 676 $a004.2/1 676 $a621.3994 701 $aPathak$b Manas A$0721223 801 0$bMiAaPQ 801 1$bMiAaPQ 801 2$bMiAaPQ 906 $aBOOK 912 $a9910437900603321 996 $aPrivacy-Preserving Machine Learning for Speech Processing$92528194 997 $aUNINA